Statistiques concernant Players who baggled Federer, Nadal or Djokovic

Cliquez ici pour prendre le quiz!

Statistiques générales

  • Ce quiz a été pris 35 fois
  • Le résultat moyen est 5 sur 19

Statistiques - réponses

Réponse% Correct
Murray
74%
Nadal
71%
Federer
68%
Thiem
65%
Roddick
42%
Berdych
39%
Nalbandian
26%
Nishikori
26%
Black
13%
Bellucci
10%
Coria
6%
Gaudio
6%
Rafter
6%
Youzhny
6%
Kohlschreiber
3%
Benneteau
0%
Fish
0%
Lacko
0%
Spadea
0%

Distribution des résultats

Percentile par nombre de réponses

% des personnes avec chaque résultat

Votre développement - résultats

Vous n’avez pas pris ce quiz